Love & forgiven: (Record no. 5915)

000 -LEADER
fixed length control field 00645nam a2200193 a 4500
001 - CONTROL NUMBER
control field :::00003658$&:&@@
003 - CONTROL NUMBER IDENTIFIER
control field OkBaRHE
005 - DATE AND TIME OF LATEST TRANSACTION
control field 20000607103309.0
008 - FIXED-LENGTH DATA ELEMENTS--GENERAL INFORMATION
fixed length control field s1977 j 000 0 eng u
040 ## - CATALOGING SOURCE
Transcribing agency
100 1# - MAIN ENTRY--PERSONAL NAME
Personal name Ogilvie, Lloyd John.
245 10 - TITLE STATEMENT
Title Love & forgiven:
Remainder of title a Bible commentary for layman/Colossians.
260 ## - PUBLICATION, DISTRIBUTION, ETC. (IMPRINT)
Place of publication, distribution, etc Glendale, CA., :
Name of publisher, distributor, etc G/L Publications
Date of publication, distribution, etc c1977
300 ## - PHYSICAL DESCRIPTION
Extent 160 p. ;
Dimensions 18 cm.
490 0# - SERIES STATEMENT
Series statement A Bible commentary for laymen.
650 ## - SUBJECT ADDED ENTRY--TOPICAL TERM
Topical term or geographic name as entry element Bible New Testament Colossians
General subdivision Commentaries
942 ## - ADDED ENTRY ELEMENTS (KOHA)
Source of classification or shelving scheme
Koha item type Books
Copies
Koha item type Copy number Date acquired Shelving location Withdrawn status Not for loan Full call number Source of classification or shelving scheme Price effective from Barcode Permanent Location Lost status Damaged status Date last seen
Books12010-04-14General Stacks  BS 2715 .O344 2010-04-143658RHEMA Bible Training College  2018-04-03